[Event "Trier op"]
[Site "Trier"]
[Date "2002.07.29"]
[Round "1"]
[White "Bien, Stefan"]
[Black "Koerholz, Ludger"]
[Result "1/2-1/2"]
[WhiteElo "2121"]
[BlackElo "2371"]
[PlyCount "39"]
[EventDate "2002.07.27"]
[EventType "swiss"]
[EventRounds "9"]
[EventCountry "GER"]
[SourceTitle "CBM 089 Extra"]
[Source "ChessBase"]
[SourceDate "2002.09.10"]
[SourceVersion "2"]
[SourceVersionDate "2002.09.10"]
[SourceQuality "1"]

1. d4 Nf6 2. Nf3 c5 3. c3 Qc7 4. g3 g6 5. Bg2 Bg7 6. Bf4 d6 7. 0-0 0-0 8. Re1 Bf5 9. Nbd2 Nd5 10. Bg5 Bg4 11. h3 Be6 12. e4 Nf6 13. Be3 Na6 14. Ng5 Bd7 15. f4 Rfc8 16. e5 Ne8 17. Qb3 e6 18. Qxb7 cxd4 19. cxd4 Qa5 20. Nc4 1/2-1/2

[Event "Oberliga Sued W 0102"]
[Site "Germany"]
[Date "2002.04.14"]
[Round "?"]
[White "Koerholz, Ludger"]
[Black "Becker, Joerg"]
[Result "1/2-1/2"]
[WhiteElo "2395"]
[BlackElo "2103"]
[PlyCount "96"]
[EventDate "2001.10.09"]
[EventType "team"]
[EventRounds "9"]
[EventCountry "GER"]
[SourceTitle "EXT 2003"]
[Source "ChessBase"]
[SourceDate "2002.11.25"]
[SourceVersion "1"]
[SourceVersionDate "2002.11.25"]
[SourceQuality "1"]

1. c4 e5 2. g3 Nf6 3. Bg2 d5 4. cxd5 Nxd5 5. Nc3 Nb6 6. Nf3 Nc6 7. 0-0 Be7 8. d3 Bg4 9. Be3 0-0 10. Rc1 Qd7 11. Ne4 Nd5 12. Bc5 Rad8 13. Bxe7 Ndxe7 14. Nc5 Qc8 15. Qa4 b6 16. Na6 Qd7 17. Rfe1 Be6 18. Ng5 Nd4 19. Qxd7 Rxd7 20. e3 h6 21. exd4 hxg5 22. Rxc7 Rxc7 23. Nxc7 Bxa2 24. Ra1 Rc8 25. Nb5 Be6 26. dxe5 Rc5 27. Nxa7 Rxe5 28. Nc6 Nxc6 29. Bxc6 Re2 30. b4 Rd2 31. Kg2 g6 32. Ra8+ Kg7 33. Rd8 g4 34. b5 Bf5 35. d4 Bd3 36. Rd7 Rd1 37. f3 Rd2+ 38. Kg1 gxf3 39. Bxf3 Bxb5 40. Rd6 Bc4 41. h4 b5 42. d5 b4 43. Rb6 b3 44. d6 Be6 45. Kf1 b2 46. Ke1 Rd3 47. Be2 Rb3 48. Rxb3 Bxb3 1/2-1/2

[Event "Oberliga Sued W 0102"]
[Site "Germany"]
[Date "2001.09.23"]
[Round "?"]
[White "Lambert, Andreas"]
[Black "Koerholz, Ludger"]
[Result "1/2-1/2"]
[WhiteElo "2254"]
[BlackElo "2395"]
[PlyCount "95"]
[EventDate "2001.10.09"]
[EventType "team"]
[EventRounds "9"]
[EventCountry "GER"]
[SourceTitle "EXT 2003"]
[Source "ChessBase"]
[SourceDate "2002.11.25"]
[SourceVersion "1"]
[SourceVersionDate "2002.11.25"]
[SourceQuality "1"]

1. d4 Nf6 2. c4 g6 3. Nc3 Bg7 4. e4 0-0 5. Nf3 d6 6. Be2 c5 7. d5 e6 8. 0-0 Re8 9. h3 exd5 10. exd5 Bf5 11. Re1 Ne4 12. Nxe4 Bxe4 13. Bg5 Qc8 14. Qb3 Nd7 15. Nd2 b5 16. Bg4 bxc4 17. Qb5 Bf5 18. Bxf5 gxf5 19. Nxc4 Bf8 20. Qb3 f6 21. Bh4 Re7 22. Rxe7 Bxe7 23. Qg3+ Kf7 24. Nxd6+ Bxd6 25. Qxd6 Qe8 26. f3 Qe7 27. Qf4 Qe5 28. Qh6 Nf8 29. Re1 Qd4+ 30. Kh1 Rd8 31. Qh5+ Kg8 32. Re7 Qd1+ 33. Kh2 Qxd5 34. Rxa7 Rd7 35. Rxd7 Nxd7 36. Qe8+ Kg7 37. Qe7+ Kg6 38. a4 Qd4 39. a5 Qxh4 40. Qxd7 Qf4+ 41. g3 Qb4 42. Qe8+ Kg7 43. Qe7+ Kg6 44. h4 Qxb2+ 45. Kh3 Qa1 46. Qe8+ Kg7 47. Qe7+ Kg6 48. Qe8+ 1/2-1/2

[Event "Olomouc Valoz Cup"]
[Site "Olomouc"]
[Date "2000.08.05"]
[Round "5"]
[White "Koerholz, Ludger"]
[Black "Kjartansson, Gudmundur"]
[Result "1-0"]
[WhiteElo "2383"]
[BlackElo "2248"]
[PlyCount "49"]
[EventDate "2000.08.02"]
[EventType "tourn"]
[EventRounds "11"]
[EventCountry "CZE"]
[EventCategory "4"]
[SourceTitle "CBM 077 Extra"]
[Source "ChessBase"]
[SourceDate "2000.09.14"]
[SourceVersion "1"]
[SourceVersionDate "2000.09.14"]
[SourceQuality "1"]

1. c4 e5 2. g3 g6 3. Nc3 Nc6 4. Bg2 Bg7 5. e3 Nge7 6. Nge2 d6 7. Rb1 a5 8. a3 Be6 9. Nd5 Qd7 10. b4 axb4 11. axb4 0-0 12. 0-0 Nd8 13. Bb2 Nxd5 14. cxd5 Bh3 15. Qc2 Bxg2 16. Kxg2 c6 17. Nc3 f5 18. f4 Nf7 19. Qb3 Rfc8 20. Ra1 Qd8 21. e4 fxe4 22. fxe5 Rxa1 23. Bxa1 dxe5 24. dxc6 Qxd2+ 25. Rf2 1-0

[Event "Olomouc Valoz Cup"]
[Site "Olomouc"]
[Date "2000.08.03"]
[Round "2"]
[White "Chytilek, Roman"]
[Black "Koerholz, Ludger"]
[Result "1-0"]
[WhiteElo "2344"]
[BlackElo "2383"]
[PlyCount "97"]
[EventDate "2000.08.02"]
[EventType "tourn"]
[EventRounds "11"]
[EventCountry "CZE"]
[EventCategory "4"]
[SourceTitle "CBM 077 Extra"]
[Source "ChessBase"]
[SourceDate "2000.09.14"]
[SourceVersion "1"]
[SourceVersionDate "2000.09.14"]
[SourceQuality "1"]

1. e4 e5 2. Nf3 Nc6 3. d4 exd4 4. Nxd4 Bc5 5. Nxc6 Qf6 6. Qd2 Qxc6 7. Bd3 Nf6 8. 0-0 0-0 9. b4 Bd4 10. c3 Bb6 11. Qc2 Re8 12. Nd2 a5 13. b5 Qc5 14. Nc4 d5 15. Nxb6 cxb6 16. Be3 Qd6 17. e5 Qxe5 18. Bxb6 Ng4 19. f4 Qh5 20. h3 Nf6 21. Rae1 Bd7 22. a4 Qh6 23. Rxe8+ Nxe8 24. Bd4 Nd6 25. Be5 Rc8 26. Rd1 Ne8 27. Qf2 f6 28. Bd4 Nd6 29. Qf3 Be6 30. f5 Bf7 31. Re1 Qd2 32. Re7 Re8 33. Rxe8+ Nxe8 34. Bf1 Qc2 35. Qe3 Qxf5 36. Qe7 Qc8 37. Bb6 Bg6 38. Bxa5 Bc2 39. Qb4 Be4 40. Bb6 Qe6 41. a5 Nd6 42. Bc5 Nc4 43. a6 b6 44. Bf2 Qc8 45. a7 Qb7 46. Qa4 Na5 47. a8Q+ Qxa8 48. Bxb6 d4 49. Qxa5 1-0